| 000 | 00847cam a2200265 a 4500 | ||
|---|---|---|---|
| 001 | 000003991 | ||
| 003 | DO-SdBNP | ||
| 005 | 20220927095920.0 | ||
| 007 | ta | ||
| 008 | 951002s1996 sp 000 1 spa | ||
| 020 | _a8488066341 | ||
| 040 |
_aDO-SdBNP _cBNPHU _bspa |
||
| 082 | 4 |
_a813.54 _bP366a _222 |
|
| 100 | 1 |
_aPeck, M. Scott _q(Morgan Scott), _d1936-2005. _911961 |
|
| 245 | 1 | 0 |
_aAsí en el cielo como en la tierra : _bla aventura más alla de esta vida / _cM. Scott peck ; traductor, Nora Steinbrun. |
| 260 |
_aMadrid : _bNeo Person, _c1996. |
||
| 300 |
_a222 p. ; _c21 cm. |
||
| 534 | _aTítulo original: In Heaven as on Earth | ||
| 590 | _aInventariado, 2022 / DG | ||
| 650 | 4 |
_aNovela estadounidense _9262 |
|
| 650 | 4 |
_aLiteratura estadounidense _9263 |
|
| 700 | 1 |
_aSteinbrun, Nora, _etr. _911962 |
|
| 910 | _aDG | ||
| 942 |
_2ddc _cLBS1 |
||
| 999 |
_c3810 _d3810 |
||